Quizzes
Events
Quiz Creation
Community
Videos
Private Events
Remove Ads
Sign In
Join for FREE
Feedback
Dark Mode
Quiz Categories
Sports
Geography
Music
Movies
Television
Just For Fun
Miscellaneous
History
Literature
Language
Science
Gaming
Entertainment
Religion
Holiday
For Kids
Quiz Lab
Recent
Popular Today
Quiz Kudos Today
Editor Picks
Curator Picks
Quizzes by...
Day
Popularity
Type
Ratings
Length
Year
Community
Subscriptions
Recent Discussions
Orange Saloon
Badges
Playlists
Quests
Create
Leaderboards
Showdown
Live 5
Trivia Bingo
Activity
Puzzle Library
Sporcle Events
Private Events
Virtual Trivia
Globe League
Become a Host
Pub Owners
SporcleCon
Opinionation
Our Games
Videos
Blog
Mobile Apps
Partnerships
Remove Ads and Go Orange
Feedback
Television
TV Characters
TV Show
Sitcom
Network
Friends
Reality Shows
Cast
South Park
Star Trek
The Simpsons
Doctor Who
Television
TV Characters
TV Show
Sitcom
Network
Friends
Reality Shows
Cast
South Park
Star Trek
The Simpsons
Doctor Who
Random Quiz
Search Sporcle
×
Quiz Lab
Quiz Lab
Television
Ninjago
Type in answers that appear in a list
Type in answers that appear in a list
Classic
Best Score? Go Orange.
Ninjago Stats
Can you name nearly all the Ninjago Characters?
By
Joecandy
20m
157 Questions
4,860 Plays
4,860 Plays
4,860 Plays
Comments
Comments
Give Quiz Kudos
Give Quiz Kudos
-
- Ratings
hide this ad
Replay
Link that replays current quiz
Next Quiz
Link to next quiz in quiz playlist
You Got
0%
They Got
Avg Score
33%
Avg Friend Score
Upgrade to see
Score Distribution
Jump to the score distribution portion of the page
Score
0/157
Timer
20:00
1
Play Today
Hint
Character
% Correct
The red ninja and elemental master of fire
Kai
96.9%
The Wise Sensei of the Ninja
Master Wu
96.6%
The blue ninja and elemental master fire of lightning
Jay
95.9%
The white ninja and elemental master of ice
Zane
95.2%
The black ninja and elemental master of earth
Cole
95.1%
The green ninja and elemental master of Energy
Lloyd
94.5%
The original Samurai X and elemental master of Water
Nya
93.2%
An android who is compatible with zane, and is also the new Samurai X
P.I.X.A.L
81.9%
An archaeologist who is also the mother of Lloyd
Misako
81.8%
Original Villain of the ninja, father of the green ninja
Lord Garmadon
81.6%
The brown ninja
Dareth
80.3%
A bounty hunter who owes a large debt to someone, and also exploited the keepers to give him all their treasures
Ronin
76.7%
Creator of Ninjago and Spinjitzu
The First Spinjitzu Master
72.5%
A genius who unwillingly created the nindroid army
Cyrus Borg
71.2%
The only anacondrai that is not yet deceased
Pythor
66.9%
Master of Amber
Skylor
66.6%
The Ultimate Evil that has been around since the first spinjitzu master
The Overlord
65.4%
General of the Hypnobrai, second in command in the serpentine army
Skales
64.6%
Master of Wind who was determined to become the green ninja, no matter the cost
Morro
63.2%
Father of the blue ninja
Ed
62.8%
Mother of the blue ninja
Edna
61.9%
Father of the fire and water ninja
Ray
61.8%
Master of Metal
Karlof
61.5%
The honorary purple ninja
Nelson
59.3%
An owner of a tea shop in ninjago, who was secretly an oni
Mistaké
58.9%
Mother of the fire and water ninja
Maya
58.7%
A robotic bird created by Zane's creator
Falcon
58.5%
Leader of the cultists and main reason the first and second serpentine wars occurred
Master Chen
56.8%
The 'Quiet One'
Harumi
54.9%
son of skales
Skales Jr.
54.4%
Master of Smoke
Ash
54.1%
Master of Poison
Tox
53%
Master of the Mind
Neuro
52.9%
General of the Skulkin
Samukai
52.6%
Father of the ice ninja
Dr. Julien
50.4%
Master of Speed
Griffin Turner
49.9%
A Djin who is the leader of the sky pirates
Nadakhan
48.9%
The younger time twin who was lost in time for 40 years
Acronix
48.2%
Mother of the earth ninja
Lilly
48.2%
The older of the two time twins who was hiding under the fake ID of Dr. Saunders
Krux
48.1%
Master of Shadow
Shade
47.6%
Master of Nature
Bolobo
46.8%
Master of Gravity
Gravis
46.3%
Second in command of the cultists, who works with dark magic
Master Clouse
46%
A gigantic serpent that bit and corrupted Garmadon when it was young
The Great Devourer
45.3%
The main leader of the SOG who was destroyed by Garmadon
Mr. E
45.1%
Master of Sound
Jacob Pevsner
44.7%
Father of the earth ninja
Lou
44.6%
Original owner of Destiny's Bounty
Captain Soto
44.3%
Crazy general of the SOG
Ultraviolet
43.5%
A strict master who invented airjitzu, and turned cole into a ghost
Master Yang
41.7%
The second in command of the dragon hunters, who would soon ally with the ninja
Heavy Metal
40.6%
His name stands for Unfinished Adventure Game. Was also the former leader of Prime Empire
Unagami
40.2%
Hint
Character
% Correct
A nindroid a bit shorter than other nindroid warriors
Min-Droid
39.8%
A reporter and news anchorwoman for NGTV News
Gayle Gossip
38.3%
Leader of the Nindroids
General Cryptor
38%
Commissioner of Ninjago
Police Commissioner
36.4%
Master of Light
Paleman
35.8%
A character who can morph between a human and three-
tailed wolf
Akita
35.8%
Fangpyre Soldier
Fang-Suei
35.4%
The former leader of the dragon hunters
Iron Baron
35.1%
The leader of the pyro-
vipers who seeks REVENGE
Aspheera
35.1%
Leader of the Stone Warriors
General Kozu
34.7%
Master of Form
Chamille
34.5%
An Archaeologist, Professor and Author that also starred in his own Lego movie completely unrelated to Ninjago
Clutch Powers
34.4%
A Merlopian Prince that seized the throne after killing his own father
Prince Kalmaar
34.4%
Earth General of the Skulkin and Second in command
Kruncha
34.1%
The leader of the Oni
The Omega
33.7%
An NPC that was designed to lose every race
Racer Seven
33.6%
Originally a repairman for Master Chen before eventually allying himself with Unagami. Later he would also ally with the crystalized villains.
The Mechanic
33.6%
A news cameraman that also temporarily had Garmadon as a roommate
Vinny Folson
33.3%
The 'Big man' who was the second ninjago Big Fig
Killow
33.1%
The first mate of the sky pirates
Flintlocke
32.9%
Morro's right hand man, who has come into contact before with Ronin
Bow Master Soul Archer
32.6%
The former ruler of Shintaro and main Antagonist for Season 13
The Skull Sorcerer
32.6%
A clumsy serpentine who's dream is to be a pirate
Clancee
32.4%
The current leader of Shintaro who stood up to those that were cruel and unjust
Queen Vania
32%
The current ruler of Merlopia and The Endless Sea
Prince Benthomar
32%
The first ninjago Big Fig
Dogshank
32%
Rules the blizzard samurai and the leader of the never-
realm
Ice Emperor
31.9%
An avian supervillain that has no criminal record
Fugi-Dove
31.7%
A sea serpent that once ruled the seas of Ninjago before being put in a deep sleep
Wojira
31.3%
A Samurai NPC in Prime Empire
Okino
31.1%
Leader of the Ghosts who can give off a high pitched scream, she is also able to possess someone from a distance
Blade Master Bansha
31.1%
First ever player of Prime Empire who’d end up getting sucked into the game
Scott
30.2%
General of the Fangpyre
Fangtom
29.6%
Lightning General of the Skulkin
Nuckal
29.6%
General of the blizzard samurai
General Vex
29.2%
General of the Cultists, who also has only one good eye
Eyezor
28.8%
A papergirl that is good friends with Nelson
Antonia
28.5%
A silent sky pirate who also knows spinjitzu
Doubloon
28.3%
Corrupted the Samurai X mech
Scythe Master Ghoultar
28%
A Merlopian warrior that was the first elemental master of water
Nyad
27.8%
General of the Venomari
Acidicus
27.3%
A blind crew member of the pirates
No-Eyed Pete
27.2%
The mechanic of misfortune's keep
Monkey Wretch
26.8%
The creator of the games Lava Zombies, Conic the Ratboy, Counter, Turbo Street Brawler, and of course Prime Empire
Milton Dyer
26.6%
The alias of the Overlord in the Crystalized Series
The Crystal King
26.5%
The head commander of the Vermillion
Supreme Commander Machia
25.7%
A giant spider that accompanies the Upply trio above
Adam
25.4%
A female dragon hunter who has a jet pack
Jet Jack
25.2%
A legless dragon hunter responsible for transporting prisoners to the dragon pit
Daddy No Legs
24.4%
Skulkin General of Ice
Wyplash
23.8%
“Hiya fellas, what will it be? Leaded or unleaded?”
Timothy ‘Twitchy Tim’ Batterson
23.8%
A singer that drove the ninja through the dessert unaware they were fugitives
Sally
23.6%
Cultist who changed his name in order to stand out from the other cultists
Chope
23.2%
Hint
Character
% Correct
A general of the Pyro-
Vipers
Char
23.1%
Fangpyre Warrior and second in command
Fangdam
22.6%
A normal citizen who ultimately decides to join the sky pirates
Bucko
22.4%
The insane Skulkin warrior of lightning
Krazi
22.4%
Venomari Soldier
Spitta
22.3%
General of the Constrictai
Skalidor
22.3%
Cultist who changed his name in order to stand out from the other cultists
Kapau
21.7%
Wife of the Hypnobrai general
Selma
21.3%
Venomari Scout
Lasha
21.2%
Hypnobrai Warrior and second in command
Slithraa
21.1%
The only stone soldier who is still alive, now confined to Kryptarium Prison
Giant Stone Warrior
20.9%
The hunter responsible for preparing the dragon and the crowd for the fight in the dragon pit
Chew Toy
20.8%
Designer of all the Skulkin Vehicles
Bonezai
20.7%
A Ninjago Sheriff that pursued the Ninja when they broke out of prison
Hounddog McBrag
20.5%
A normal citizen who ultimately decides to join the sky pirates
Sqiffy
20.2%
An SOG member who was caught and questioned by the police
Luke Cunningham
19.7%
Skeleton warrior of fire
Frakjaw
19.6%
A character who can morph between a human and Bear
Kataru
19.4%
A Munce that was enslaved by the skull sorcerer
Murt
19.3%
Hypnobrai Soldier
Mezmo
19.2%
Mechanic of the Skulkin
Chopov
18.4%
First Ghost warrior summoned by Morro
Chain Master Wrayth
18.3%
An expert Thief that took on the task, along with 2 others, to retrieve the Skull of Hazza D’ur
Plundar
18.2%
A magician that took on the task, along with 2 other, to retrieve the Skull of Hazza D’ur
Fungus
18%
Hypnobrai Scout
Rattla
18%
A flame-
throwing criminal that smuggled vengestone
Miss Demeanor
17.7%
The lower commander of the Vermillion
Commander Blunck
17.7%
Constrictai Warrior and second in command
Bytar
17.6%
A barbarian that took on the task, along with 2 others, to retrieve the Skull of Hazza D’ur
Korgran
17.6%
Constrictai Soldier
Chokun
16.8%
The former king of Merlopia and the Endless Sea that would end up being murdered in cold blood by his son
King Trimaar
16.7%
General of the Cultists, who is very strong
Zugu
16.4%
A large, flightless Dragon that acts like a dog
Zippy
16.2%
Responsible for giving out gear to the dragon hunters through his slot machine on his chest
Arkade
16%
Fangpyre Scout
Snappa
16%
Venomari Warrior and Second in command
Lizaru
16%
Constrictai Scout
Snike
15.7%
A guard created out of vengestone
Vengestone Guard
15.1%
The lower commander of the Vermillion
Commander Raggmunk
15%
Queen of the Munce
Murtessa
14.4%
A masterful sushi chef in Prime Empire
Sushimi
13.6%
An NPC Rat that competed in the Speedway 5 billion
Ritchie
13.3%
A geckle that wears a necklace and is nicknamed “Mr. Sparkles”
Gleck
13.2%
The leader of the Keepers and protector of the Amulet
Chief Mammatus
12.6%
A Legless Merlopian Scientist that was tasked with awakening Wojira
Glutinous
12.3%
Current King of the Never-
Realm
Grimfax
11.7%
A green Merservent that was an accomplice and traitor to the throne for helping to reawaken Wojira
Gripe
10.7%
A male reporter for NGTV News
Fred Finely
10%
The 2 headed, second in command for the keepers that prepares gifts for sacrifice
PoulErik
9.2%
The Kryptarium Prison Warden
Warden Noble
9.1%
A geckle that took Kai and Zane to the Chancellor for a trial
Ginkle
8%
Quiz Playlist
Details
Report
Send in Message
Add To Playlist
Classic:
Type in answers that appear in a list
Last Updated: Aug 26, 2023
Quiz Scoreboard
CHALLENGE
Sign Up to Join the Scoreboard
Show All
Scores
Hide
Comments
May contain spoilers
Recently Published
College Basketball Coaching Resumes
by pancakes188
Sports
9m
Billboard Blitz: Fleetwood Mac
by CooCooCachoo
Music
15s
Presidents Visiting Landmarks
by Hejman
History
7m
More to Explore
Quiz From the Vault
Featured Blog Post
Where Did the Easter Bunny Come From?
hide this ad
You Might Also Like...
Tags
Affiliation
Character
Ninjago
Today's Top Quizzes in Television
Browse Television
hide this ad
Top Contributed Quizzes in Television
1
5-to-1: The Simpsons Families
2
5-to-1: Television Doctors
3
7-to-1: TV Show Settings
4
5-to-1: Streaming Originals
5
One Piece Logic Puzzle
6
Survivor Seasons
7
Survivor Logic Puzzle: Heroes vs. Villains
8
All US Survivor Seasons in Order
9
TV Shows by First Names
10
Survivor Season by Logo
Explore More
Trending Topics
NBA
Kpop
Disney
Marvel
Crossword
Harry Potter
Anime
Soccer
NFL
Puzzle
Country
Pokémon
WWE
The Office
Song
hide this ad
More By:
Joecandy
Quiz
Plays
Rating
Category
Featured
Created
Ninjago
4,860
4.38
Television
Jun 29, 2019
Lego Castle and Space Sub Themes
138
5.00
Miscellaneous
May 24, 2019
Go to Creator's Profile
Score Distribution
Quiz Creator Spotlight
Joecandy
Follow
Send a Message
Quizzes Created
-
Created Quiz Play Count
-
More By This Creator
Popular Quizzes Today
1
Find the US States - No Outlines Minefield
2
Find the Countries of Europe - No Outlines Minefield
3
The Countries of the World
4
Find the US States
5
Risky Map Clicking: Biggest States A-Z
6
US States
7
Popular People in 1961
8
Movies - When Are They Set?
More Television Quizzes
From the First: House
Quiz Lab
Trending Quizzes
Risky Map Clicking: Least Populous States A-Z
1-10 Letter G Words
1-10 Letter F Words
Risky Map Clicking: Next State Alphabetically
Risky Map Clicking: Biggest States A-Z
Recently Updated
Leaping Animals
pecheneg
Reality TV Shows (A-Z)
bhenderson79
Rickey Henderson's Hall of Fame Teammates
pecheneg
Champions League XIs: Arsenal
pecheneg
Quick Pick: Celebrities in WWE's Hall of Fame
aduchscher
A-Z Keypad Blitz II
pecheneg
Multiple Oscar Actors
pecheneg
Mystery Phrase Blitz: Oscar 'Best Actors'
pecheneg
F. Scott Fitzgerald Novels
LTH
Pick 3 Villains
ddd62291
Trending Topics
Marvel
Harry Potter
Anime
Kpop
Disney
Crossword
NBA
WWE
Song
NFL
Puzzle
The Office
Pokémon
Country
Soccer
Your Account Isn't Verified!
In order to create a playlist on Sporcle, you need to verify the email address you used during registration. Go to your
Sporcle Settings
to finish the process.
Report this User
Report this user for behavior that violates our
Community Guidelines
.
Details:
Send Report
Go to the Sporcle.com Mobile Site →
Comments